| 000 | 01665cam a2200397 i 4500 | ||
|---|---|---|---|
| 001 | 27968 | ||
| 003 | Mx-PuUPA | ||
| 005 | 20250619160803.0 | ||
| 008 | 140415s193 mx ao gr 001 0 spa d | ||
| 020 | _a9687009357 | ||
| 040 |
_cMx-PuUPA _aMx-PuUPA _bspa _dMx-PuUPA _erda |
||
| 041 | 0 | _aspa | |
| 043 | _an-mx--- | ||
| 245 | 1 | 0 |
_aEl arte plumaria en México / _cTeresa Castelló Yturbide [editora] ; con la colaboración de, Manuel Cortina Portilla, Teresa de María y Campos, Alberto Cue, Irmgard Weitlaner Johnson, Marita Martínez del Río de Redo, Carlotta Mapelli Mozzi, María Olvido Moreno |
| 264 | 1 |
_aMéxico D.F. : _bFomento Cultural Banamex, _c1993 |
|
| 300 |
_a250 páginas : _bilustraciones, fotografías, tablas ; _c32 cm |
||
| 336 |
_2rdacontent _atexto _btxt |
||
| 337 |
_2rdamedia _asin medio _bn |
||
| 338 |
_2rdacarrier _avolumen _bnc |
||
| 650 | 7 |
_2armarc _aTrabajos con pluma _zMéxico _xHistoria |
|
| 650 | 7 |
_2armarc _aObjetos devocionales _zMéxico |
|
| 650 | 7 |
_2armarc _aArte mexicano |
|
| 650 | 7 |
_2armarc _aArte y simbolismo cristiano _zMéxico |
|
| 650 | 7 |
_2armarc _aArte y religión _zMéxico |
|
| 700 | 1 |
_aCastelló Yturbide, Teresa, _eeditor |
|
| 700 | 1 |
_aCortina Portilla, Manuel, _ecolaborador |
|
| 700 | 1 |
_aMaría y Campos, Teresa de, _ecolaborador |
|
| 700 | 1 |
_aCue, Alberto, _ecolaborador |
|
| 700 | 1 |
_aWitlaner Johnson, Irmgard, _ecolaborador |
|
| 700 | 1 |
_aMartínez del Río de Redo, Marita, _ecolaborador |
|
| 700 | 1 |
_aMapelli Mozzi, Carlotta, _ecolaborador |
|
| 700 | 1 |
_aOlvido Moreno, María, _etraductor |
|
| 942 |
_2ddc _cLI _h700.4820972 _iE37 |
||
| 999 |
_c27968 _d27968 |
||